[Event "Wch Seniors (Women) 18th"]
[Site "Bad Zwischenahn"]
[Date "2008.11.06"]
[Round "10"]
[White "Epstein, Esther"]
[Black "Fatalibekova, Elena"]
[Result "1-0"]
[WhiteElo "2159"]
[BlackElo "2283"]
[PlyCount "49"]
[EventDate "2008.10.28"]
[EventType "swiss"]
[EventRounds "11"]
[EventCountry "GER"]
[SourceTitle "EXT 2009"]
[Source "ChessBase"]
[SourceDate "2008.11.26"]
[SourceVersion "1"]
[SourceVersionDate "2008.11.26"]
[SourceQuality "1"]

1. e4 c5 2. Nf3 d6 3. d4 cxd4 4. Nxd4 Nf6 5. Nc3 Nc6 6. f4 e6 7. Be3 a6 8. Qf3 Qc7 9. 0-0-0 Nxd4 10. Bxd4 Be7 11. f5 0-0 12. g4 Nd7 13. h4 Ne5 14. Qg3 b5 15. a3 Rb8 16. g5 exf5 17. Nd5 Qb7 18. Bxe5 dxe5 19. Qxe5 Bd8 20. exf5 f6 21. gxf6 Bxf6 22. Nxf6+ gxf6 23. Rg1+ Kf7 24. Qf4 Qb6 25. Be2 1-0

[Event "Wch Seniors (Women) 18th"]
[Site "Bad Zwischenahn"]
[Date "2008.11.05"]
[Round "9"]
[White "Saunina, Ludmila"]
[Black "Epstein, Esther"]
[Result "1/2-1/2"]
[WhiteElo "2298"]
[BlackElo "2159"]
[PlyCount "57"]
[EventDate "2008.10.28"]
[EventType "swiss"]
[EventRounds "11"]
[EventCountry "GER"]
[SourceTitle "EXT 2009"]
[Source "ChessBase"]
[SourceDate "2008.11.26"]
[SourceVersion "1"]
[SourceVersionDate "2008.11.26"]
[SourceQuality "1"]

1. e4 c5 2. Nf3 e6 3. d4 cxd4 4. Nxd4 a6 5. Bd3 Ne7 6. 0-0 Nbc6 7. Nf3 d5 8. c4 dxe4 9. Bxe4 Qxd1 10. Rxd1 f5 11. Bc2 e5 12. Nc3 e4 13. Nd4 Nxd4 14. Rxd4 Nc6 15. Rd1 Bc5 16. Nd5 0-0 17. Be3 Bxe3 18. fxe3 Rb8 19. b4 Be6 20. a3 Ne5 21. Bb3 g5 22. Rd4 Kg7 23. Rf1 Rf7 24. h3 Rbf8 25. Rfd1 Nc6 26. R4d2 Ne5 27. Rd4 Nc6 28. R4d2 Ne5 29. Rd4 1/2-1/2

[Event "Wch Seniors (Women) 18th"]
[Site "Bad Zwischenahn"]
[Date "2008.11.01"]
[Round "5"]
[White "Sorokina, Tamara"]
[Black "Epstein, Esther"]
[Result "0-1"]
[WhiteElo "2124"]
[BlackElo "2159"]
[PlyCount "74"]
[EventDate "2008.10.28"]
[EventType "swiss"]
[EventRounds "11"]
[EventCountry "GER"]
[SourceTitle "EXT 2009"]
[Source "ChessBase"]
[SourceDate "2008.11.26"]
[SourceVersion "1"]
[SourceVersionDate "2008.11.26"]
[SourceQuality "1"]

1. d4 Nf6 2. c4 e6 3. g3 c5 4. d5 exd5 5. cxd5 b5 6. Bg2 d6 7. e4 Nbd7 8. Ne2 g6 9. 0-0 Bg7 10. Qc2 0-0 11. Bf4 Nb6 12. Nbc3 b4 13. Nd1 Re8 14. a3 b3 15. Qxb3 Nxe4 16. Ndc3 Bf5 17. Nxe4 Bxe4 18. Bxe4 Rxe4 19. Nc3 Re8 20. Rad1 Rb8 21. Rd2 Qf6 22. Qb5 Nxd5 23. Nxd5 Rxb5 24. Nxf6+ Bxf6 25. Rxd6 Bxb2 26. Rb1 Reb8 27. Rd7 Bd4 28. Rxb5 Rxb5 29. Bh6 f5 30. Rxa7 Rb1+ 31. Kg2 Rb2 32. Kh3 Rxf2 33. a4 Ra2 34. Bf4 c4 35. Rd7 Bf6 36. Rd6 Kf7 37. Rd7+ Ke6 0-1

[Event "Wch Seniors (Women)"]
[Site "Gmunden"]
[Date "2007.09.20"]
[Round "4"]
[White "Fomina, Tatyana"]
[Black "Epstein, Esther"]
[Result "1-0"]
[WhiteElo "2232"]
[BlackElo "2186"]
[PlyCount "53"]
[EventDate "2007.09.17"]
[EventType "swiss"]
[EventRounds "11"]
[EventCountry "AUT"]
[SourceTitle "EXT 2009"]
[Source "ChessBase"]
[SourceDate "2008.11.26"]
[SourceVersion "1"]
[SourceVersionDate "2008.11.26"]
[SourceQuality "1"]

1. e4 c5 2. Nf3 e6 3. b4 cxb4 4. d4 b6 5. Bd3 Ba6 6. 0-0 Bxd3 7. Qxd3 Nf6 8. a3 d5 9. e5 Nfd7 10. axb4 Bxb4 11. c4 Qc8 12. cxd5 exd5 13. Ba3 Nc6 14. Qb3 Bxa3 15. Nxa3 Ne7 16. Nb5 0-0 17. Rfc1 Qd8 18. Rxa7 Rxa7 19. Nxa7 Nb8 20. h3 h6 21. Rb1 Nd7 22. Nb5 Qa8 23. Qb4 Nc8 24. Rc1 Rd8 25. Nc7 Qb7 26. e6 Nc5 27. Rxc5 1-0

[Event "Wch Seniors (Women) 16th"]
[Site "Arvier"]
[Date "2006.09.13"]
[Round "3"]
[White "Beliaeva, Natalia"]
[Black "Epstein, Esther"]
[Result "0-1"]
[WhiteElo "2078"]
[BlackElo "2182"]
[PlyCount "71"]
[EventDate "2006.09.11"]
[EventType "swiss"]
[EventRounds "11"]
[EventCountry "ITA"]
[SourceTitle "CBM 114 Extra"]
[Source "ChessBase"]
[SourceDate "2006.11.03"]
[SourceVersion "1"]
[SourceVersionDate "2006.11.03"]
[SourceQuality "1"]

1. d4 Nf6 2. Nf3 g6 3. g3 Bg7 4. Bg2 0-0 5. c4 d6 6. 0-0 Nc6 7. Nc3 a6 8. h3 Rb8 9. a4 Na5 10. b3 c5 11. Qc2 Qb6 12. dxc5 Qxb3 13. Qxb3 Nxb3 14. Ra3 Nxc5 15. Rd1 Be6 16. Nd5 Nxd5 17. cxd5 Bd7 18. a5 Ba4 19. Re1 b5 20. axb6 Rxb6 21. Be3 Rb4 22. Bg5 Re8 23. Nd2 h6 24. Be3 Reb8 25. Bxc5 dxc5 26. e4 Bb2 27. Ra2 c4 28. Rxb2 Rxb2 29. Nxc4 Rb1 30. Rxb1 Rxb1+ 31. Kh2 Bb5 32. Ne3 Rb2 33. Kg1 a5 34. e5 Rd2 35. Be4 a4 36. Nc2 0-1

[Event "USA-ch GpA"]
[Site "San Diego"]
[Date "2006.03.10"]
[Round "8"]
[White "Epstein, Esther"]
[Black "Vicary, Elizabeth"]
[Result "1-0"]
[WhiteElo "2178"]
[BlackElo "2107"]
[PlyCount "73"]
[EventDate "2006.03.02"]
[EventType "swiss"]
[EventRounds "9"]
[EventCountry "USA"]
[SourceTitle "CBM 112"]
[Source "ChessBase"]
[SourceDate "2006.06.07"]
[SourceVersion "1"]
[SourceVersionDate "2006.06.07"]
[SourceQuality "1"]

1. e4 c5 2. Nf3 Nc6 3. c3 Nf6 4. e5 Nd5 5. d4 cxd4 6. cxd4 d6 7. Bc4 Nb6 8. Bb5 dxe5 9. Nxe5 Bd7 10. Nxd7 Qxd7 11. Nc3 a6 12. Bxc6 Qxc6 13. d5 Qd6 14. Be3 Rd8 15. Bxb6 Qxb6 16. 0-0 e5 17. Qa4+ Rd7 18. Qg4 Qg6 19. Qc4 b5 20. Qe2 Bd6 21. a4 b4 22. Na2 e4 23. Rac1 0-0 24. Rc4 f5 25. Nxb4 Qh6 26. g3 f4 27. Qg4 Re7 28. Nc6 Ree8 29. Nd4 e3 30. Nf5 Rxf5 31. Qxf5 e2 32. Re1 f3 33. Qxf3 Qd2 34. Qc3 Qxd5 35. Rc8 Rxc8 36. Qxc8+ Bf8 37. Qxa6 1-0

[Event "Wch Seniors (Women) 15th"]
[Site "Lignano Sabbiadoro"]
[Date "2005.10.04"]
[Round "6"]
[White "Sotter Klundt, Gerlinde"]
[Black "Epstein, Esther"]
[Result "0-1"]
[WhiteElo "1896"]
[BlackElo "2173"]
[PlyCount "46"]
[EventDate "2005.09.28"]
[EventType "swiss"]
[EventRounds "9"]
[EventCountry "ITA"]
[SourceTitle "CBM 108 Extra"]
[Source "ChessBase"]
[SourceDate "2005.11.04"]
[SourceVersion "1"]
[SourceVersionDate "2005.11.04"]
[SourceQuality "1"]

1. Nf3 c5 2. d4 cxd4 3. Nxd4 g6 4. e3 Bg7 5. Be2 Nf6 6. 0-0 0-0 7. c4 Nc6 8. Nc3 a6 9. Rb1 d6 10. Bf3 Ne5 11. Be2 h5 12. b3 d5 13. Nxd5 Nxd5 14. cxd5 Qxd5 15. Bb2 Rd8 16. Rc1 Qd6 17. Rc2 Ng4 18. Bxg4 Bxg4 19. Qc1 e5 20. Nf3 Rac8 21. Rxc8 Rxc8 22. Ba3 Qf6 23. Qd2 Bxf3 0-1

[Event "Wch Seniors (Women) 15th"]
[Site "Lignano Sabbiadoro"]
[Date "2005.10.03"]
[Round "5"]
[White "Epstein, Esther"]
[Black "Fatalibekova, Elena"]
[Result "0-1"]
[WhiteElo "2173"]
[BlackElo "2302"]
[PlyCount "104"]
[EventDate "2005.09.28"]
[EventType "swiss"]
[EventRounds "9"]
[EventCountry "ITA"]
[SourceTitle "CBM 108 Extra"]
[Source "ChessBase"]
[SourceDate "2005.11.04"]
[SourceVersion "1"]
[SourceVersionDate "2005.11.04"]
[SourceQuality "1"]

1. e4 c5 2. c3 d6 3. d4 Nf6 4. Bd3 g6 5. Nf3 Bg7 6. 0-0 0-0 7. Bg5 Nc6 8. d5 Nb8 9. h3 e6 10. c4 exd5 11. exd5 h6 12. Bd2 Nbd7 13. Bc3 Re8 14. Re1 Rxe1+ 15. Qxe1 b5 16. b3 Bb7 17. a4 b4 18. Bb2 Qf8 19. Nbd2 Re8 20. Qf1 Ne5 21. Nxe5 dxe5 22. Re1 Nd7 23. f4 exf4 24. Rxe8 Qxe8 25. Bxg7 Qe3+ 26. Qf2 Kxg7 27. Qxe3 fxe3 28. Nf1 Kf6 29. Nxe3 Ke5 30. Nc2 f5 31. Kf2 g5 32. g3 f4 33. gxf4+ Kxf4 34. Ne1 Nf6 35. Ng2+ Ke5 36. Ke3 Nxd5+ 37. cxd5 Bxd5 38. Ne1 Bxb3 39. Bb5 Be6 40. h4 gxh4 41. Nf3+ Kd5 42. Nxh4 c4 43. Ng2 Ke5 44. Kd2 Kd4 45. Nf4 c3+ 46. Kc1 Bf5 47. Be8 b3 48. Ne2+ Kc4 49. Bf7+ Kd3 50. Bxb3 Kxe2 51. Bd5 Ke3 52. a5 Bg6 0-1

[Event "USA-ch"]
[Site "San Diego"]
[Date "2004.12.02"]
[Round "7"]
[White "Sagalchik, Olga"]
[Black "Epstein, Esther"]
[Result "1/2-1/2"]
[WhiteElo "2132"]
[BlackElo "2188"]
[PlyCount "147"]
[EventDate "2004.11.24"]
[EventType "swiss"]
[EventRounds "9"]
[EventCountry "USA"]
[SourceTitle "CBM 105"]
[Source "ChessBase"]
[SourceDate "2005.04.11"]
[SourceVersion "1"]
[SourceVersionDate "2005.04.11"]
[SourceQuality "1"]

1. d4 g6 2. c4 Bg7 3. e4 c5 4. d5 d6 5. Bd3 e6 6. Ne2 Nf6 7. Nbc3 0-0 8. h3 Re8 9. 0-0 a6 10. a4 exd5 11. cxd5 Nbd7 12. Bg5 h6 13. Be3 Ne5 14. Bc2 Nc4 15. Bc1 Rb8 16. b3 Ne5 17. f4 Ned7 18. Rb1 b5 19. Ng3 bxa4 20. Nxa4 h5 21. Qf3 h4 22. Ne2 Nh5 23. Bd2 Qe7 24. Be1 Nb6 25. Nec3 Bd7 26. Bf2 Nxa4 27. bxa4 Rxb1 28. Rxb1 Bxc3 29. Qxc3 Nxf4 30. Qf3 g5 31. Rb7 Ng6 32. a5 Ne5 33. Qh5 Qf6 34. Be3 g4 35. Qg5+ Qxg5 36. Bxg5 gxh3 37. Bxh4 hxg2 38. Kxg2 Kh7 39. Bg3 Rd8 40. Rc7 Be8 41. Bxe5 dxe5 42. Bd3 Kg6 43. Bxa6 Ra8 44. Bc8 Rxa5 45. d6 Ra2+ 46. Kf3 Ra3+ 47. Kf2 Ba4 48. Rxc5 Rd3 49. Rc4 Bb5 50. Rb4 Bc6 51. Rb6 Rxd6 52. Bb7 Rf6+ 53. Ke3 Bxb7 54. Rxb7 Ra6 55. Re7 Ra3+ 56. Ke2 f6 57. Re8 Kg5 58. Rf8 Kf4 59. Rxf6+ Kxe4 60. Rh6 Ra2+ 61. Kf1 Kf3 62. Rh3+ Kf4 63. Rh4+ Ke3 64. Rh3+ Kd4 65. Rh8 e4 66. Rh7 Ke3 67. Rh3+ Kf4 68. Rh4+ Kf3 69. Rh3+ Kg4 70. Rh8 Kg3 71. Rf8 Rh2 72. Rf7 Kg4 73. Rf8 Rb2 74. Rf7 1/2-1/2

[Event "USA-ch"]
[Site "San Diego"]
[Date "2004.11.29"]
[Round "5"]
[White "Enkhbat, Tegshsuren"]
[Black "Epstein, Esther"]
[Result "1-0"]
[WhiteElo "2406"]
[BlackElo "2188"]
[PlyCount "120"]
[EventDate "2004.11.24"]
[EventType "swiss"]
[EventRounds "9"]
[EventCountry "USA"]
[SourceTitle "CBM 105"]
[Source "ChessBase"]
[SourceDate "2005.04.11"]
[SourceVersion "1"]
[SourceVersionDate "2005.04.11"]
[SourceQuality "1"]

1. d4 Nf6 2. c4 e6 3. g3 c5 4. Nf3 cxd4 5. Nxd4 Bb4+ 6. Nc3 0-0 7. Bg2 d5 8. cxd5 Nxd5 9. Bd2 Nxc3 10. bxc3 Ba5 11. 0-0 e5 12. Nf3 Nc6 13. Qb1 h6 14. Rd1 Qf6 15. Be1 Bb6 16. Nd2 Be6 17. Qb5 Rac8 18. Ne4 Qe7 19. Nd6 Rb8 20. Bxc6 bxc6 21. Qxe5 Qg5 22. Qxg5 hxg5 23. a4 Bc5 24. Ne4 Be7 25. Bd2 Bb3 26. Rdc1 Bc4 27. Bxg5 Bxg5 28. Nxg5 Bxe2 29. Rab1 Bc4 30. Nf3 f6 31. Nd4 Rxb1 32. Rxb1 Bd5 33. f4 Rd8 34. Rb2 Rd7 35. Kf2 c5 36. Ne2 Bc4 37. Ke3 Re7+ 38. Kf2 Kf7 39. f5 g6 40. fxg6+ Kxg6 41. Nf4+ Kf5 42. Kf3 Rd7 43. Rb8 Bd5+ 44. Nxd5 Rxd5 45. g4+ Ke6 46. Ke4 Rd2 47. Re8+ Kf7 48. Ra8 Rxh2 49. Rxa7+ Ke6 50. Ra6+ Ke7 51. Kd5 Rd2+ 52. Kxc5 Rg2 53. Ra7+ Ke6 54. a5 Rxg4 55. a6 Ra4 56. Kb5 Ra1 57. Rb7 f5 58. a7 Rb1+ 59. Kc6 Ra1 60. Kc7 f4 1-0

[Event "USA-ch"]
[Site "San Diego"]
[Date "2004.11.25"]
[Round "2"]
[White "Epstein, Esther"]
[Black "Shabalov, Alexander"]
[Result "0-1"]
[WhiteElo "2188"]
[BlackElo "2608"]
[PlyCount "82"]
[EventDate "2004.11.24"]
[EventType "swiss"]
[EventRounds "9"]
[EventCountry "USA"]
[SourceTitle "CBM 105"]
[Source "ChessBase"]
[SourceDate "2005.04.11"]
[SourceVersion "1"]
[SourceVersionDate "2005.04.11"]
[SourceQuality "1"]

1. e4 c5 2. Nf3 e6 3. c3 Nf6 4. e5 Nd5 5. Bc4 d6 6. d4 cxd4 7. cxd4 Nc6 8. 0-0 Be7 9. Nbd2 0-0 10. Re1 dxe5 11. dxe5 Qc7 12. a3 Rd8 13. Qe2 b6 14. b4 Bb7 15. Bb2 Rd7 16. Rac1 Qd8 17. Qe4 Nc7 18. Qf4 g5 19. Qg4 Rxd2 20. Nxd2 Qxd2 21. Bc3 Qf4 22. Qxf4 gxf4 23. Rcd1 Rc8 24. Rd7 Kf8 25. Red1 Nb8 26. R7d4 b5 27. Bb3 f3 28. gxf3 Bxf3 29. R1d3 Bh5 30. Rg3 Bg6 31. Rd1 Na8 32. Bd2 Nb6 33. Bh6+ Ke8 34. Rc1 Rxc1+ 35. Bxc1 Nc6 36. f4 Nd4 37. Bd1 Nd5 38. Bb2 Nf5 39. Rf3 Bd8 40. Bb3 Bb6+ 41. Kf1 Nfe3+ 0-1

[Event "USA-ch"]
[Site "San Diego"]
[Date "2004.11.24"]
[Round "1"]
[White "Altounian, Levon"]
[Black "Epstein, Esther"]
[Result "1/2-1/2"]
[WhiteElo "2456"]
[BlackElo "2188"]
[PlyCount "132"]
[EventDate "2004.11.24"]
[EventType "swiss"]
[EventRounds "9"]
[EventCountry "USA"]
[SourceTitle "CBM 105"]
[Source "ChessBase"]
[SourceDate "2005.04.11"]
[SourceVersion "1"]
[SourceVersionDate "2005.04.11"]
[SourceQuality "1"]

1. Nf3 c5 2. b3 Nf6 3. Bb2 d5 4. e3 Nc6 5. Bb5 Bg4 6. h3 Bxf3 7. Bxc6+ bxc6 8. Qxf3 e6 9. 0-0 Bd6 10. c4 0-0 11. Nc3 Rb8 12. d3 Qe7 13. Rac1 Rfd8 14. Rfd1 Rbc8 15. Ne2 Nd7 16. Qh5 Nf6 17. Qh4 Nd7 18. Qxe7 Bxe7 19. Ba3 Bf6 20. cxd5 cxd5 21. Nc3 Nb6 22. Nb5 Nd7 23. Rc2 a6 24. Nc3 c4 25. bxc4 dxc4 26. d4 Nb6 27. Ne4 Rd5 28. Bc5 Na4 29. Rdc1 Nxc5 30. dxc5 Be7 31. Rxc4 f5 32. Nd6 Bxd6 33. cxd6 Rxc4 34. Rxc4 Rd1+ 35. Kh2 Rxd6 36. Kg3 Kf7 37. Ra4 g5 38. f4 h6 39. Kf3 Kf6 40. Ra5 Rc6 41. g3 Rb6 42. e4 fxe4+ 43. Kxe4 Rb4+ 44. Kf3 gxf4 45. gxf4 Rb6 46. Kg4 Kg6 47. Rc5 Rd6 48. Re5 Kf6 49. Ra5 Kg6 50. h4 Rc6 51. a3 Rb6 52. Re5 Rc6 53. Rxe6+ Rxe6 54. f5+ Kf6 55. fxe6 Kxe6 56. Kh5 a5 57. Kxh6 Kf6 58. a4 Kf5 59. Kh5 Kf6 60. Kg4 Kg6 61. Kf4 Kh5 62. Ke5 Kxh4 63. Kd5 Kg5 64. Kc6 Kf6 65. Kb6 Ke7 66. Kxa5 Kd7 1/2-1/2

[Event "Foxwoods op 06th"]
[Site "Connecticut"]
[Date "2004.04.07"]
[Round "1"]
[White "Epstein, Esther"]
[Black "Friedel, Joshua E"]
[Result "0-1"]
[WhiteElo "2205"]
[BlackElo "2398"]
[PlyCount "66"]
[EventDate "2004.04.07"]
[EventType "swiss"]
[EventRounds "9"]
[EventCountry "USA"]
[SourceTitle "CBM 099 Extra"]
[Source "ChessBase"]
[SourceDate "2004.05.04"]
[SourceVersion "1"]
[SourceVersionDate "2004.05.04"]
[SourceQuality "1"]

1. e4 e5 2. Nf3 Nc6 3. d4 exd4 4. Nxd4 Bc5 5. Be3 Qf6 6. c3 Nge7 7. g3 h5 8. h3 d5 9. Bg2 Bxd4 10. cxd4 dxe4 11. Nc3 Bf5 12. Qa4 0-0 13. 0-0-0 b5 14. Qxb5 Rab8 15. Qc5 Nb4 16. g4 Bh7 17. Bf1 Rfd8 18. a3 Nbd5 19. Nxd5 Nxd5 20. Bc4 Nxe3 21. fxe3 Qf2 22. Rd2 Qxe3 23. Bxf7+ Kh8 24. Qc3 Qf4 25. Ba2 e3 26. Re2 Rxd4 27. Rhe1 Re8 28. gxh5 Bd3 29. h6 gxh6 30. Rd1 c5 31. Qxc5 Red8 32. Ree1 e2+ 33. Rd2 Bc4 0-1

[Event "USA-ch"]
[Site "Seattle"]
[Date "2002.01.11"]
[Round "7"]
[White "Epstein, Esther"]
[Black "Donaldson, John W"]
[Result "1/2-1/2"]
[WhiteElo "2194"]
[BlackElo "2450"]
[PlyCount "22"]
[EventDate "2002.01.05"]
[EventType "swiss"]
[EventRounds "9"]
[EventCountry "USA"]
[SourceTitle "CBM 087"]
[Source "ChessBase"]
[SourceDate "2002.03.21"]
[SourceVersion "1"]
[SourceVersionDate "2002.03.21"]
[SourceQuality "1"]

1. e4 c5 2. Nf3 d6 3. d4 cxd4 4. Nxd4 Nf6 5. Nc3 Nc6 6. Bc4 Qb6 7. Nb3 e6 8. 0-0 Be7 9. Be3 Qc7 10. f4 a6 11. a4 0-0 1/2-1/2

[Event "US Open-102"]
[Site "Framingham"]
[Date "2001.08.12"]
[Round "9"]
[White "Rubenchik, Rodion"]
[Black "Epstein, Esther"]
[Result "1-0"]
[WhiteElo "2316"]
[BlackElo "2185"]
[PlyCount "69"]
[EventDate "2001.08.04"]
[EventType "swiss"]
[EventRounds "9"]
[EventCountry "USA"]
[SourceTitle "CBM 083 Extra"]
[Source "ChessBase"]
[SourceDate "2001.09.11"]
[SourceVersion "1"]
[SourceVersionDate "2001.09.11"]
[SourceQuality "1"]

1. d4 Nf6 2. c4 e6 3. Nf3 b6 4. g3 Ba6 5. b3 Bb4+ 6. Bd2 Be7 7. Bg2 c6 8. Bc3 d5 9. Ne5 Nfd7 10. Nxd7 Nxd7 11. Nd2 Rc8 12. 0-0 0-0 13. e4 dxe4 14. Nxe4 Nf6 15. Re1 Nxe4 16. Bxe4 Bf6 17. Qc2 Bxd4 18. Bxd4 Qxd4 19. Rad1 Qf6 20. Rd7 Rcd8 21. Rxa7 Bc8 22. Bxh7+ Kh8 23. Be4 e5 24. Qe2 g6 25. Qf3 Bf5 26. g4 Qg5 27. Bxf5 gxf5 28. Qxf5 Qxf5 29. gxf5 Ra8 30. Rxa8 Rxa8 31. a4 Ra5 32. Kg2 e4 33. Rxe4 Rxf5 34. Re8+ Kg7 35. Rb8 1-0

[Event "Olympiad Women-34"]
[Site "Istanbul"]
[Date "2000.11.05"]
[Round "8.3"]
[White "Epstein, Esther"]
[Black "Dengler, Dijana"]
[Result "1/2-1/2"]
[WhiteElo "2224"]
[BlackElo "2120"]
[PlyCount "69"]
[EventDate "2000.10.28"]
[EventType "team-swiss"]
[EventRounds "14"]
[EventCountry "TUR"]
[SourceTitle "EXT 2001"]
[Source "ChessBase"]
[SourceDate "2000.11.22"]
[SourceVersion "1"]
[SourceVersionDate "2000.11.22"]
[SourceQuality "1"]
[WhiteTeam "United States (W)"]
[BlackTeam "Bosnia&Herzegovina (W)"]
[WhiteTeamCountry "USA"]
[BlackTeamCountry "BIH"]

1. e4 c5 2. Nf3 d6 3. d4 cxd4 4. Nxd4 Nf6 5. Nc3 a6 6. f3 Nc6 7. Nb3 e6 8. a4 Be7 9. Be3 Qc7 10. a5 d5 11. exd5 Nxd5 12. Nxd5 exd5 13. Bd3 Bh4+ 14. Bf2 Bxf2+ 15. Kxf2 0-0 16. Re1 b6 17. axb6 Qxb6+ 18. Kf1 Nb4 19. Be2 Rb8 20. Nd4 Qc7 21. Kg1 Rb6 22. Qd2 Nc6 23. Nxc6 Rxc6 24. c3 Rh6 25. f4 Qb6+ 26. Qd4 Qxb2 27. Rab1 Qa3 28. Bf3 Rc6 29. Re3 Bf5 30. Rbe1 Be4 31. Bxe4 dxe4 32. c4 Qc5 33. Rxe4 f5 34. Qxc5 Rxc5 35. Rd4 1/2-1/2

[Event "Olympiad Women-34"]
[Site "Istanbul"]
[Date "2000.11.04"]
[Round "7.3"]
[White "Garcia Garcia, Edith"]
[Black "Epstein, Esther"]
[Result "1/2-1/2"]
[WhiteElo "2052"]
[BlackElo "2224"]
[PlyCount "55"]
[EventDate "2000.10.28"]
[EventType "team-swiss"]
[EventRounds "14"]
[EventCountry "TUR"]
[SourceTitle "EXT 2001"]
[Source "ChessBase"]
[SourceDate "2000.11.22"]
[SourceVersion "1"]
[SourceVersionDate "2000.11.22"]
[SourceQuality "1"]
[WhiteTeam "Mexico (W)"]
[BlackTeam "United States (W)"]
[WhiteTeamCountry "MEX"]
[BlackTeamCountry "USA"]

1. e4 c5 2. Nf3 g6 3. d4 Bg7 4. Nc3 cxd4 5. Nxd4 Nc6 6. Be3 Nf6 7. Bc4 0-0 8. h3 Qa5 9. 0-0 a6 10. a3 Ne5 11. Bb3 b5 12. Nd5 e6 13. Bd2 Qd8 14. Nxf6+ Bxf6 15. Bc3 Bb7 16. Re1 Rc8 17. Qe2 Qb6 18. Rad1 Rfd8 19. Kh1 Bg7 20. f4 Nc4 21. Rd3 d6 22. Nf3 Bxc3 23. Rxc3 Nxb2 24. Rxc8 Rxc8 25. Rb1 Rc3 26. Rxb2 Re3 27. Qd2 Rxe4 28. c3 1/2-1/2

[Event "USA-ch (Women)"]
[Site "Seattle"]
[Date "2000.10.02"]
[Round "7"]
[White "Epstein, Esther"]
[Black "Airapetian, SH."]
[Result "1/2-1/2"]
[WhiteElo "2224"]
[BlackElo "2072"]
[PlyCount "98"]
[EventDate "2000.09.25"]
[EventType "tourn"]
[EventRounds "9"]
[EventCountry "USA"]
[SourceTitle "CBM 078 Extra"]
[Source "ChessBase"]
[SourceDate "2000.11.10"]
[SourceVersion "1"]
[SourceVersionDate "2000.11.10"]
[SourceQuality "1"]

1. e4 e5 2. Nf3 Nc6 3. d4 exd4 4. Nxd4 Nf6 5. Nxc6 bxc6 6. e5 Qe7 7. Qe2 Nd5 8. c4 Ba6 9. b3 g6 10. g3 Bg7 11. Bb2 0-0 12. Bg2 d6 13. 0-0 Bxe5 14. Bxe5 dxe5 15. Re1 Rfe8 16. Qd2 Nf6 17. Bxc6 Rad8 18. Qa5 Ng4 19. Bd5 Qf6 20. f3 e4 21. fxg4 Qxa1 22. Qxa6 Qd4+ 23. Kg2 e3 24. Qa5 Qb2+ 25. Kh3 Qf2 26. Qc3 g5 27. Bxf7+ Kxf7 28. Qa5 Re6 29. Qf5+ Rf6 30. Qxh7+ Ke6 31. Qe4+ Kd7 32. Rd1+ Rd6 33. Rxd6+ cxd6 34. Qb7+ Ke6 35. Qe4+ Kf6 36. Qd4+ Ke6 37. Qe4+ Kd7 38. Qb7+ Ke8 39. Qe4+ Kf8 40. Nc3 Qf1+ 41. Qg2 Qf6 42. Qc2 Kg7 43. Qf5 Rh8+ 44. Kg2 Qxc3 45. Qd7+ Kg6 46. Qf5+ Kh6 47. Qe6+ Kg7 48. Qd7+ Kf8 49. Qd8+ Kg7 1/2-1/2

[Event "USA-ch (Women)"]
[Site "Seattle"]
[Date "2000.09.28"]
[Round "4"]
[White "Burtman, Sharon"]
[Black "Epstein, Esther"]
[Result "0-1"]
[WhiteElo "2089"]
[BlackElo "2224"]
[PlyCount "74"]
[EventDate "2000.09.25"]
[EventType "tourn"]
[EventRounds "9"]
[EventCountry "USA"]
[SourceTitle "CBM 078 Extra"]
[Source "ChessBase"]
[SourceDate "2000.11.10"]
[SourceVersion "1"]
[SourceVersionDate "2000.11.10"]
[SourceQuality "1"]

1. d4 b6 2. c4 Bb7 3. Nc3 e6 4. e3 Nf6 5. Nf3 Be7 6. Be2 0-0 7. 0-0 d5 8. Qc2 Nbd7 9. cxd5 exd5 10. Bd2 a6 11. Rac1 Bd6 12. Rfd1 Re8 13. Be1 Nf8 14. a3 Ng6 15. Na2 Ne4 16. Bb4 c5 17. dxc5 bxc5 18. Be1 Rc8 19. Nc3 Nf6 20. Bf1 d4 21. Ne2 Ng4 22. Qf5 Bxf3 23. gxf3 Nxh2 24. Bh3 Nh4 25. Qxc8 Qg5+ 26. Ng3 N2xf3+ 27. Kf1 Rxc8 28. Bxc8 Nxe1 29. Rxe1 d3 30. Rcd1 Bxg3 31. fxg3 Qf6+ 32. Kg1 Nf3+ 33. Kf1 Nxe1+ 34. Kxe1 c4 35. Rd2 Qf3 36. Bxa6 Qxe3+ 37. Kd1 Qg1# 0-1